Peinture, Sculpteur et Architecte de l'Epoque Moderne - Statistiques

Statistiques générales
  • Ce quiz a été pris 58 fois
    44 depuis la dernière actualisation
  • Le résultat moyen est 7 sur 37
Statistiques - réponses
Courant artistique Œuvre majeur et/ou singularité Peintre, Sculpteur ou Architecte % Correct
"La Joconde", "La Cène" Création du sfumato. Léonard de Vinci
94%
Renaissance "La Naissance de Vénus" Peinture de la grâce. Botticelli
91%
"Les Époux Arnolfini" Peinture à l'huile et détail minutieux. Jan van Eyck
58%
"David", "La Pietà" Sculpteur de la puissance anatomique et expressive. Michel-Ange
55%
"David (bronze)" Réintroduit le nu et le contrapposto antique. Donatello
39%
Architecte des jardins. André le Nôtre
27%
"Portrait de François Ier" Fondateur du grand portrait royal français simple et sobre. Jean Clouet (le père)
24%
"L'Extase de Sainte Thérèse" Italien et chef de file du baroque, sculpture dynamique et émotionnelles. Le Bernin
24%
"Galerie des Glaces", "Salon d'Apollon" Premier peintre officiel de Louis XIV Charles le Brun
21%
Baroque " Le Tricheur" Scène de Triche et clair-obscur calme. George de la Tour
21%
"Caryatides du Louvre", "Fontaine des Innocents" Maître de l'élégance sculptée française. Jean Goujon
21%
"Le bain de Diane" Portraitiste raffiné naturaliste et maniériste. François Clouet (le fils)
18%
Une vie passer en Italie, peintre de la raison et de l'ordre. Nicolas Poussin
18%
"Le Martyre de saint Matthieu" Ténébrisme, réalisme brutal et donne son nom à un mouvement baroque. Caravage
15%
"Portrait de Marie-Antoinette à la rose" Femme artiste, portraitiste, notamment de Marie-Antoinette. Élisabeth Vigée Le Brun
15%
"Portrait de Louis XIV en costume de sacre" Portraitiste officiel de pouvoir monarchique. Hyacinthe Rigaud
15%
"Les Hasards heureux de l’escarpolette" Peintre du mouvement, du plaisir et de la spontanéité. Jean-Honoré Fragonard
15%
"Aile occidentale du Louvre" Architecte du Louvre. Pierre Lescot
15%
"Colonnade du Louvre" Architecte rationaliste. Claude Perrault
12%
Peintre de l'érotisme galant, du décoratif et du quotidien. François Boucher
12%
"Eva Prima Pandora" Premier nu intégral. Jean Cousin le Vieux
12%
"Milon de Crotone" Sculpteur baroque de la violence expressive. Pierre Puget
12%
"Château d’Ancy-le-Franc" Diffuse l'architecture antique en France par ces Six Livres de l'Architecture. Sebastiano Serlio
12%
Classicisme "Statues pour les jardins de Versailles" Sculpteur officiel de Louis XIV. Antoine Coysevox
9%
Rococo "L'Embarquement pour Cythère" Inventeur des fêtes galantes. Antoine Watteau
9%
"Dôme des Invalides", "Place Vendôme" Architecte du classicisme monumental royal. Jules Hardoin-Mansart
9%
Maniérisme Décors de Fontainebleau, introduction du maniérisme en France. Le Primatice
9%
"Vaux-le-Vicomte", "Versailles" Baroque contrôlé en France. Louis le Vau
9%
Peintre janséniste austère. Philippe de Champaigne
9%
"Château de Maisons-Laffitte" Architecte de l'équilibre classique. François Mansart
6%
"Château d'Ecouen" Décor antique maîtrisé. Jean Bullant
6%
"Portrait du roi Louis XV" Portrait au pastel, portrait expressif et réalise. Maurice-Quentin de La Tour
6%
Portraitiste de Louis XIV et rival de Charles le Brun. Pierre Mignard
6%
"Allégorie de la Paix et de la Guerre" Introduit le baroque italien en France. Simon Vouet
6%
Caravagesque français, scène de genre et dramatique. Valentin de Boulogne
6%
"Le Tombeau d’Henri II et de Catherine de Médicis" Grand sculpteur funéraire maniériste. Germain Pilon
3%
"Salon de la Princesse, Hôtel de Soubise" Architecte Rococo des hôtels privés et des intérieurs raffinés. Germain Boffrand
0%
Aucun quiz correspondant
Distribution des résultats
% des personnes avec chaque résultat
Percentile par nombre de réponses
Votre historique - résultats
Vous n’avez pas pris ce quiz depuis la dernière actualisation